00475nam a22001457a 4500001000700000003000900007005001700016007000700033008004700040040002200087100003600109245007900145260007600224300002900300000589DO-SdBNP20180201135913.0000589161021b 1992 pr a ||||| |||| 00| 0 spa d aBPMSUbspacBPMSU1 aTorres Santiagos, José Manuel00aMi abecé /cJosé Manuel Torres Santiagos ; caligrafía Piri Delannoy. aSan Juan, Puerto Rico :bInstituto de Cultura Puertorriqueña, c1992. a71 p. :bil. ; c17 cm.